[Event "Warsaw City-ch"]
[Site "Warsaw"]
[Date "2007.09.19"]
[Round "6"]
[White "Kwiatkowski, Andrzej"]
[Black "Suwarski, Pawel"]
[Result "1/2-1/2"]
[WhiteElo "1840"]
[BlackElo "2056"]
[PlyCount "96"]
[EventDate "2007.09.15"]
[EventType "swiss"]
[EventRounds "9"]
[EventCountry "POL"]
[SourceTitle "EXT 2009"]
[Source "ChessBase"]
[SourceDate "2008.11.26"]
[SourceVersion "1"]
[SourceVersionDate "2008.11.26"]
[SourceQuality "1"]

1. e4 c5 2. Nf3 e6 3. d4 cxd4 4. Nxd4 Nf6 5. Nc3 Nc6 6. Nxc6 bxc6 7. e5 Nd5 8. Ne4 f5 9. exf6 Nxf6 10. Nd6+ Bxd6 11. Qxd6 Qb6 12. Bd3 Ba6 13. Be3 Qxb2 14. 0-0 Bxd3 15. Bc5 Kf7 16. cxd3 Qb8 17. Rab1 Qxd6 18. Bxd6 Rhd8 19. Rb7 a6 20. Rfb1 Ne8 21. Bc5 Nf6 22. Bd6 Kg6 23. f3 Ne8 24. Be7 Rdc8 25. Rxd7 Rab8 26. Rdb7 Rxb7 27. Rxb7 Rc7 28. Rxc7 Nxc7 29. Kf2 Kf5 30. Bf8 g6 31. Ke3 e5 32. Bd6 Nd5+ 33. Kd2 a5 34. Bc5 a4 35. Kc2 h5 36. g3 g5 37. Kb2 h4 38. Ka3 hxg3 39. hxg3 g4 40. fxg4+ Kxg4 41. Kxa4 e4 42. dxe4 Nc3+ 43. Ka5 Nxa2 44. Kb6 Nc3 45. e5 Kf5 46. Bd6 Ne4 47. Kxc6 Ke6 48. g4 Ng5 1/2-1/2

[Event "Mazowieckie-chT 0506"]
[Site "Poland"]
[Date "2006.01.29"]
[Round "8"]
[White "Rogulski, Witold"]
[Black "Suwarski, Pawel"]
[Result "1-0"]
[WhiteElo "2058"]
[BlackElo "2048"]
[PlyCount "71"]
[EventDate "2005.10.09"]
[EventType "team-tourn"]
[EventRounds "9"]
[EventCountry "POL"]
[SourceTitle "EXT 2019"]
[Source "ChessBase"]
[SourceDate "2018.10.10"]
[SourceVersion "1"]
[SourceVersionDate "2018.10.10"]
[SourceQuality "1"]

1. e4 c6 2. d4 d5 3. exd5 cxd5 4. c4 Nf6 5. Nc3 Nc6 6. Nf3 e6 7. Bg5 Be7 8. c5 0-0 9. Bb5 h6 10. Bh4 Ne4 11. Bxe7 Nxe7 12. 0-0 Nf5 13. Qd3 Ng5 14. Ne5 f6 15. Ng6 Rf7 16. Ba4 Ne7 17. f4 Nxg6 18. Qxg6 Nh7 19. Bc2 f5 20. Nb5 Bd7 21. Nd6 Rf6 22. Qg3 Qe7 23. Rae1 Raf8 24. Rf2 b6 25. b4 Qd8 26. Qe3 g5 27. g3 gxf4 28. gxf4 Rg6+ 29. Rg2 Rxg2+ 30. Kxg2 Nf6 31. Kh1 Kh7 32. c6 Ng4 33. Qg3 Rg8 34. cxd7 Qxd7 35. Rxe6 Rf8 36. Qxg4 1-0